|
|
|
|
| LEADER |
00000ny a22000003n 4500 |
| 005 |
20110621112517.0 |
| 008 |
980325s1997 sp s 000 spa c |
| 017 |
|
|
|a B8786-1997
|
| 020 |
|
|
|a 8476984332
|
| 035 |
|
|
|a 1158
|
| 040 |
|
|
|a UMA.DER
|d vlex
|
| 040 |
|
|
|a UMA.RE
|d vlex
|
| 080 |
|
|
|a 347.454.5(460)
|
| 090 |
|
|
|c 1312
|d 1312
|
| 100 |
1 |
|
|a Alonso Přez, Mara̕ Teresa
|
| 245 |
1 |
4 |
|a Los contratos de servicios de abogados, mďicos y arquitectos
|h [Recurso electrn̤ico]
|c Mara̕ Teresa Alonso Přez
|
| 256 |
|
|
|a Servicio en ln̕ea
|
| 260 |
|
|
|a Barcelona :
|b Bosch,
|c 1997
|
| 300 |
|
|
|a 519 p. ;
|c 25 cm
|
| 506 |
1 |
|
|a Contenido solo disponible en los productos indicados
|d vLex Global
|d vLex Global (Academic Edition, excluding Law Schools)
|d vLex Global (U.S. Academic Edition, Law Schools)
|d vLex Global (U.S. Academic Edition, excluding Law Schools)
|d vLex Global (Academic Edition, Law Schools)
|
| 650 |
0 |
7 |
|a Arrendamiento de servicios
|2 Tesauro vLex
|
| 650 |
0 |
7 |
|a Civil
|2 Tesauro vLex
|
| 650 |
0 |
7 |
|a Contrato de arrendamiento
|2 Tesauro vLex
|
| 650 |
0 |
7 |
|a Arrendamiento de servicios
|2 Tesauro vLex
|
| 650 |
0 |
7 |
|a Abogados
|2 Tesauro vLex
|
| 650 |
0 |
7 |
|a Arquitectos y aparejadores
|2 Tesauro vLex
|
| 650 |
0 |
7 |
|a Mďicos
|2 Tesauro vLex
|
| 740 |
0 |
|
|a vLex Libros (Servicios en ln̕ea)
|
| 856 |
4 |
0 |
|u http://vlex.com/source/1158
|z Acceso restringido
|
| 942 |
|
|
|c BOOK
|